[Event "Ann Arbor (MI Op/7)"]
[Site "?"]
[Date "1983.??.??"]
[Round "?"]
[White "Poschel, Paul"]
[Black "Murray, David"]
[Result "1-0"]
[WhiteElo "2275"]
[BlackElo "2040"]
[PlyCount "41"]
[EventDate "1983.??.??"]

1. c4 Nf6 2. Nc3 g6 3. e4 d6 4. d4 Bg7 5. Be2 O-O 6. Bg5 Nbd7 7. Qd2 Re8 8. Nf3
e5 9. O-O exd4 10. Nxd4 h6 11. Bxh6 Nxe4 12. Nxe4 Bxh6 13. Qxh6 Rxe4 14. Qd2
Qf6 15. Rad1 a6 16. f3 Re8 17. f4 Nc5 18. f5 g5 19. Bf3 Ne4 20. Qe3 Bxf5 21.
Bxe4 1-0

[Event "East Detroit (MCO/4)"]
[Site "?"]
[Date "1983.??.??"]
[Round "?"]
[White "Poschel, Paul"]
[Black "Mazuchowski, Tom"]
[Result "1-0"]
[WhiteElo "2295"]
[BlackElo "2155"]
[PlyCount "75"]
[EventDate "1983.??.??"]

1. c4 e5 2. Nc3 d6 3. d4 exd4 4. Qxd4 Nc6 5. Qd2 g6 6. b3 Bg7 7. Bb2 Nf6 8. g3
O-O 9. Bg2 Re8 10. Nh3 Bf5 11. Nf4 Ne5 12. O-O Qc8 13. Rad1 Ned7 14. f3 Nb6 15.
e4 Bd7 16. Rfe1 Qd8 17. Ba3 h6 18. Qc2 a6 19. Nd3 Qb8 20. Kh1 Be6 21. c5 dxc5
22. Bxc5 Nfd7 23. Bg1 Ne5 24. Nc5 Ned7 25. Nxd7 Nxd7 26. Nd5 c6 27. Nf4 Nf8 28.
Nxe6 Nxe6 29. f4 Qc7 30. Qf2 Rad8 31. Qb6 Qxb6 32. Bxb6 Rxd1 33. Rxd1 f5 34.
exf5 gxf5 35. Bh3 c5 36. Re1 Kf7 37. Bxf5 Nd4 38. Bg6+ 1-0

[Event "Southfield (MEX/4)"]
[Site "?"]
[Date "1983.??.??"]
[Round "?"]
[White "Poschel, Paul"]
[Black "Martinovsky, E.."]
[Result "1/2-1/2"]
[WhiteElo "2260"]
[BlackElo "2345"]
[PlyCount "97"]
[EventDate "1983.??.??"]

1. d4 Nf6 2. c4 e6 3. Nc3 d5 4. cxd5 exd5 5. Bg5 c6 6. e3 Bf5 7. Qf3 Bg6 8.
Bxf6 Qxf6 9. Qxf6 gxf6 10. Nf3 Nd7 11. Be2 Bd6 12. Nh4 Be7 13. Bg4 Nb6 14. O-O
Nc4 15. b3 Nd6 16. Bh3 f5 17. Nf3 Ne4 18. Ne2 Bh5 19. Rfd1 Ng5 20. Nxg5 Bxe2
21. Re1 Bg4 22. f3 Bh5 23. f4 Bb4 24. Rf1 Bg4 25. Kf2 h6 26. Nf3 Bxh3 27. gxh3
Ke7 28. Rg1 Ke6 29. Rg7 Bf8 30. Rg2 a5 31. a4 Be7 32. Rag1 Rac8 33. Rc1 Rhg8
34. Rg3 Bf6 35. Ke2 Be7 36. Kd3 Rg6 37. Rcg1 Rxg3 38. Rxg3 b6 39. Rg1 c5 40.
Rc1 Rg8 41. Rg1 Rxg1 42. Nxg1 Bf6 43. Ne2 h5 44. Ng3 h4 45. Ne2 Be7 46. Nc3
cxd4 47. exd4 Bb4 48. Nb5 Kd7 49. Ke2 1/2-1/2

[Event "Ann Arbor (MI Op/5)"]
[Site "?"]
[Date "1983.??.??"]
[Round "?"]
[White "Poschel, Paul"]
[Black "Ivanov, S.."]
[Result "1-0"]
[WhiteElo "2275"]
[BlackElo "2050"]
[PlyCount "93"]
[EventDate "1983.??.??"]

1. c4 Nf6 2. Nc3 g6 3. e4 d6 4. d4 Bg7 5. Be2 O-O 6. Bg5 c5 7. dxc5 Qa5 8. Bd2
Qxc5 9. Nf3 Bg4 10. Be3 Qb4 11. a3 Qa5 12. O-O Nc6 13. b4 Qd8 14. Rc1 Rc8 15.
Qb3 b6 16. Rfd1 Qc7 17. h3 Bd7 18. Nd5 Qd8 19. Qb1 Nxd5 20. cxd5 Nb8 21. Nd4
Bxd4 22. Rxd4 Rc7 23. Bh6 Re8 24. Rdc4 Rxc4 25. Bxc4 b5 26. Bd3 Qb6 27. Qb2 f6
28. Be3 Qb7 29. Qd4 Na6 30. Qxa7 Rb8 31. Qxb7 Rxb7 32. Kf1 Kf7 33. Ke2 Ke8 34.
Bd4 Rc7 35. Rxc7 Nxc7 36. Bb6 Kd8 37. Ke3 Kc8 38. Bxc7 Kxc7 39. Kd4 g5 40. Be2
Be8 41. Bg4 h6 42. Bf5 Bh5 43. g3 Be8 44. f4 Kb6 45. fxg5 fxg5 46. e5 Kc7 47.
e6 1-0

[Event "East Detroit (MCO/2)"]
[Site "?"]
[Date "1983.??.??"]
[Round "?"]
[White "Poschel, Paul"]
[Black "Harrold, Alvin"]
[Result "1-0"]
[WhiteElo "2295"]
[BlackElo "1820"]
[PlyCount "65"]
[EventDate "1983.??.??"]

1. c4 Nf6 2. Nc3 c5 3. Nf3 Nc6 4. d4 cxd4 5. Nxd4 g6 6. e4 Bg7 7. Be3 O-O 8.
Be2 d6 9. Nc2 Be6 10. f3 Rc8 11. Qd2 Ne5 12. b3 Bxc4 13. bxc4 Nxc4 14. Bxc4
Rxc4 15. Nd4 Qa5 16. Nce2 Qa4 17. O-O Rfc8 18. Rac1 d5 19. e5 Ne8 20. f4 e6 21.
Rxc4 Rxc4 22. Rc1 Bf8 23. Rxc4 dxc4 24. Nc3 Qa5 25. Ne4 Bb4 26. Qc2 c3 27. Ne2
Qc7 28. Qa4 Qc4 29. Qxe8+ Kg7 30. Ng5 Kh6 31. Qxf7 Kh5 32. Qxh7+ Kg4 33. Qh3#
1-0

[Event "East Detroit (MCO/5)"]
[Site "?"]
[Date "1983.??.??"]
[Round "?"]
[White "Poschel, Paul"]
[Black "Donaldson, J.."]
[Result "1/2-1/2"]
[WhiteElo "2295"]
[BlackElo "2450"]
[PlyCount "40"]
[EventDate "1983.??.??"]

1. c4 g6 2. Nc3 Bg7 3. d4 d6 4. e4 Nf6 5. Be2 O-O 6. Bg5 Nbd7 7. Qd2 e5 8. d5
a5 9. Bd3 Nc5 10. Bc2 c6 11. Nge2 cxd5 12. cxd5 Bd7 13. a4 Qb6 14. O-O Rfc8 15.
Rfb1 Nb3 16. Bxb3 Qxb3 17. f3 Rc4 18. Nc1 Qb6+ 19. Be3 Qa6 20. b3 Rc7 1/2-1/2

[Event "East Detroit (MCO/2)"]
[Site "?"]
[Date "1983.??.??"]
[Round "?"]
[White "Pope, T.."]
[Black "Lewis, Derrick"]
[Result "0-1"]
[WhiteElo "1620"]
[BlackElo "1840"]
[PlyCount "56"]
[EventDate "1983.??.??"]

1. d4 Nf6 2. e3 g6 3. Nf3 Bg7 4. Bd3 O-O 5. Nbd2 d6 6. c4 Nbd7 7. b3 Re8 8. Bb2
e5 9. Qc2 Qe7 10. dxe5 Nxe5 11. Nxe5 dxe5 12. e4 Bd7 13. O-O Nh5 14. Qc1 Nf4
15. Bc2 Ne2+ 16. Kh1 Nxc1 17. Bxc1 Rad8 18. a4 Bh6 19. Ba3 c5 20. Nf3 Bg4 21.
Ne1 b6 22. f3 Be6 23. Nd3 Bf4 24. g3 Bh3 25. gxf4 Bxf1 26. Rxf1 exf4 27. Nxf4
Rd2 28. Nd5 Qh4 0-1

[Event "East Detroit (MCO/4)"]
[Site "?"]
[Date "1983.??.??"]
[Round "?"]
[White "Pope, T.."]
[Black "Bolda, Dan G"]
[Result "0-1"]
[WhiteElo "1620"]
[BlackElo "1820"]
[PlyCount "118"]
[EventDate "1983.??.??"]

1. e4 e6 2. d4 d5 3. exd5 exd5 4. Nf3 Bg4 5. Be2 Nf6 6. O-O Bd6 7. Ne5 Be6 8.
Bf4 Ne4 9. Nd2 Nf6 10. Re1 Nc6 11. Nxc6 bxc6 12. Bxd6 Qxd6 13. c3 Kd7 14. Nb3
h5 15. Nc5+ Ke7 16. Bf3 Rab8 17. Qc2 Ng4 18. Bxg4 hxg4 19. g3 Rh6 20. Nxe6 fxe6
21. Kg2 Kd7 22. Re3 Qf8 23. Rae1 Qf7 24. f4 gxf3+ 25. Rxf3 Rxh2+ 26. Kxh2 Qxf3
27. Qg2 Qxg2+ 28. Kxg2 Rxb2+ 29. Kf3 Rxa2 30. Kg4 a5 31. Kg5 a4 32. Kg6 a3 33.
Kxg7 Rg2 34. Ra1 a2 35. g4 Rxg4+ 36. Kf6 Rg2 37. Ke5 Re2+ 38. Kf4 Kd6 39. Kf3
Rc2 40. Kf4 c5 41. Ke3 cxd4+ 42. Kxd4 c5+ 43. Kd3 Rh2 44. Ke3 Ke5 45. Re1 d4+
46. Kd3+ Kd5 47. c4+ Kd6 48. Ke4 Re2+ 49. Rxe2 a1=Q 50. Kd3 Qc3+ 51. Ke4 Qxc4
52. Kf3 d3 53. Rd2 e5 54. Ke3 e4 55. Kf4 Qc1 56. Ke3 c4 57. Kd4 Qxd2 58. Kxc4
e3 59. Kd4 e2 0-1

[Event "East Detroit (MCO/4)"]
[Site "?"]
[Date "1983.??.??"]
[Round "?"]
[White "Pollock, A.."]
[Black "Jonik, Henry"]
[Result "0-1"]
[WhiteElo "1605"]
[BlackElo "1760"]
[PlyCount "90"]
[EventDate "1983.??.??"]

1. e4 c5 2. f4 d6 3. Nf3 Nd7 4. Bc4 h6 5. c3 Nb6 6. Bb3 c4 7. Bc2 Bg4 8. d4
cxd3 9. Bxd3 a6 10. Be3 Qc7 11. Nbd2 Nf6 12. Qb3 Nbd7 13. Qd1 b5 14. Rc1 Nc5
15. Bb1 e6 16. O-O Be7 17. Qc2 O-O 18. Kh1 Qb7 19. e5 Bf5 20. Qd1 Ng4 21. Bxc5
dxc5 22. Qe2 Bxb1 23. Rxb1 h5 24. h3 Nh6 25. Ne4 Nf5 26. Kh2 Rad8 27. a3 Rd5
28. Rbd1 Rfd8 29. Rxd5 exd5 30. Ned2 Qc7 31. b4 c4 32. g4 Nh6 33. Nd4 g5 34. f5
Bf6 35. N2f3 hxg4 36. hxg4 Nxg4+ 37. Kh3 Nxe5 38. Nxe5 Qxe5 39. Qxe5 Bxe5 40.
Nc6 Re8 41. Nxe5 Rxe5 42. Rf3 f6 43. Kg4 Kg7 44. Kh5 Re4 45. Rg3 Rh4# 0-1

[Event "East Detroit (MCO/2)"]
[Site "?"]
[Date "1983.??.??"]
[Round "?"]
[White "Pollock, A.."]
[Black "Johnson, B.."]
[Result "0-1"]
[WhiteElo "1605"]
[BlackElo "1605"]
[PlyCount "108"]
[EventDate "1983.??.??"]

1. d4 Nf6 2. c4 g6 3. Nc3 Bg7 4. e4 d6 5. f4 O-O 6. e5 dxe5 7. fxe5 Ne8 8. Be3
b6 9. Qd2 Bb7 10. Nf3 Qd7 11. O-O-O Bxf3 12. gxf3 c5 13. f4 Na6 14. d5 Nec7 15.
Bg2 Rab8 16. a3 b5 17. d6 exd6 18. Qxd6 Qxd6 19. exd6 Ne6 20. Nxb5 Rb6 21. b4
Nd4 22. bxc5 Nb3+ 23. Kc2 Naxc5 24. d7 Rd8 25. Rd5 Na1+ 26. Kd1 Na4 27. Bxb6
axb6 28. Ke2 Nb3 29. Kf3 Nb2 30. Re1 Bf6 31. Bf1 Kf8 32. Na7 Nc5 33. Nc8 Nba4
34. Rd6 Nxd7 35. Nxb6 Ndxb6 36. Rxd8+ Bxd8 37. Re4 Nc5 38. Re1 Nba4 39. h4 Bxh4
40. Re2 h5 41. Bg2 Kg7 42. Re5 Bf6 43. Re2 Ne6 44. Ke4 Nc3+ 45. Ke3 Nxe2 46.
Kxe2 Nxf4+ 47. Kf3 Nxg2 48. Kxg2 Bd4 49. a4 Kf6 50. Kf3 Ke5 51. a5 Bc5 52. a6
Kd4 53. Kf4 Kxc4 54. Kg5 Ba7 0-1

[Event "East Detroit (MCO/5)"]
[Site "?"]
[Date "1983.??.??"]
[Round "?"]
[White "Pollock, A.."]
[Black "Charison, M.."]
[Result "0-1"]
[WhiteElo "1605"]
[BlackElo "1605"]
[PlyCount "120"]
[EventDate "1983.??.??"]

1. d4 Nf6 2. Bg5 e6 3. a3 Be7 4. Nc3 b6 5. e4 Bb7 6. f3 c5 7. Nge2 cxd4 8. Nxd4
Nc6 9. Nxc6 Bxc6 10. Bb5 Qc7 11. Qe2 h6 12. Bh4 a6 13. Bg3 Qb7 14. Bd3 Bc5 15.
Bf2 O-O 16. b4 Bxf2+ 17. Kxf2 Qc7 18. b5 Bb7 19. bxa6 Bxa6 20. Nd1 Bb7 21. a4
Qe5 22. Ne3 d5 23. exd5 Nxd5 24. Nxd5 Qxd5 25. Qe3 Qd6 26. Rhd1 Qc7 27. h4 Rfd8
28. Bb5 Qxc2+ 29. Qe2 Qc5+ 30. Qe3 Qxe3+ 31. Kxe3 Bd5 32. g4 Rdc8 33. Ra3 Rc2
34. Rdd3 Rc1 35. Kf4 f6 36. h5 Bc4 37. Rdc3 Rxc3 38. Rxc3 Bxb5 39. axb5 Ra4+
40. Ke3 Rb4 41. Rc6 Rxb5 42. Rxe6 Kf7 43. Re4 Rb1 44. Kf4 b5 45. Kf5 Rc1 46.
Kf4 Rc6 47. Rb4 Rb6 48. Ke4 Ke6 49. f4 Rb8 50. Kd4 Rd8+ 51. Ke4 Rb8 52. f5+ Kd6
53. Kd4 Kc6 54. Rb1 Ra8 55. Rc1+ Kb6 56. Kd5 Ra4 57. Rc6+ Ka5 58. Kc5 Rc4+ 59.
Kd5 Rxc6 60. Kxc6 b4 0-1

[Event "Ann Arbor (MI Op/3)"]
[Site "?"]
[Date "1983.??.??"]
[Round "?"]
[White "Pinto, M.."]
[Black "Jarosz, Stan"]
[Result "0-1"]
[WhiteElo "2155"]
[BlackElo "1970"]
[PlyCount "90"]
[EventDate "1983.??.??"]

1. e4 e6 2. d4 d5 3. Nc3 Bb4 4. e5 c5 5. a3 Bxc3+ 6. bxc3 Ne7 7. Qg4 Qc7 8.
Qxg7 Rg8 9. Qxh7 cxd4 10. Ne2 Nbc6 11. f4 Bd7 12. Qd3 dxc3 13. Nxc3 a6 14. Bd2
Na5 15. h3 Nc4 16. g4 Nxd2 17. Kxd2 Rc8 18. Ne2 Bb5 19. Qc3 Nc6 20. Rc1 d4 21.
Qc5 Qa5+ 22. c3 b6 23. Qd6 dxc3+ 24. Ke3 Rd8 25. Qc7 Rd3+ 26. Kf2 Kf8 27. f5
exf5 28. e6 fxe6 29. Nf4 Rd2+ 30. Kg3 Nd8 31. Rxc3 fxg4 32. hxg4 Rd7 33. Qc8
Ke8 34. Nxe6 Qa4 35. Nc7+ Rxc7 36. Rxc7 Qxa3+ 37. Rc3 Qd6+ 38. Kf2 Rf8+ 39. Ke1
Qe5+ 40. Kd1 Ba4+ 41. Kc1 Qe1+ 42. Kb2 Rf2+ 43. Ka3 Qa1+ 44. Kb4 Rf4+ 45. Bc4
a5# 0-1

[Event "Ann Arbor (MI Op/4)"]
[Site "?"]
[Date "1983.??.??"]
[Round "?"]
[White "Petty, M.."]
[Black "Riopelle, J.."]
[Result "0-1"]
[WhiteElo "1880"]
[BlackElo "1685"]
[PlyCount "80"]
[EventDate "1983.??.??"]

1. d4 Nf6 2. Nc3 d5 3. f3 c5 4. e3 cxd4 5. exd4 Nc6 6. Nh3 Bxh3 7. gxh3 e6 8.
Be3 Be7 9. Qd2 a6 10. a3 Qa5 11. Qg2 g6 12. Be2 Bb4 13. Kd2 Bd6 14. Rad1 Qc7
15. Rhg1 Bxh2 16. Rge1 Bf4 17. Kd3 Bxe3 18. Kxe3 Ne7 19. Qg5 Nf5+ 20. Kd2 Nh5
21. Nxd5 exd5 22. Bc4+ Kf8 23. Bxd5 Qa5+ 24. c3 Qxd5 25. Re5 Qxf3 26. Qg4 Qf4+
27. Kc2 Ne3+ 28. Rxe3 Qxe3 29. Rd3 Qe6 30. Qg5 Kg7 31. Re3 Qf5+ 32. Qxf5 gxf5
33. d5 Rad8 34. c4 Rhe8 35. Rf3 Kf6 36. a4 Ke5 37. Kd3 Nf4+ 38. Ke3 Nxd5+ 39.
cxd5 Rxd5 40. Kf2 Red8 0-1

[Event "Ann Arbor (MI Op/2)"]
[Site "?"]
[Date "1983.??.??"]
[Round "?"]
[White "Petty, M.."]
[Black "Bailey, Greg"]
[Result "0-1"]
[WhiteElo "1880"]
[BlackElo "2050"]
[PlyCount "90"]
[EventDate "1983.??.??"]

1. d4 Nf6 2. Nc3 e6 3. e4 d5 4. e5 Nfd7 5. Nf3 Bb4 6. Bd3 c5 7. dxc5 Nc6 8. Bb5
Qa5 9. Qd3 Nxc5 10. Bxc6+ bxc6 11. Qe3 Ne4 12. O-O Ba6 13. Nxe4 Bxf1 14. Nd6+
Bxd6 15. exd6 Ba6 16. d7+ Kxd7 17. Ne5+ Ke8 18. Bd2 Qc7 19. Re1 Rd8 20. Bb4 Rb8
21. Ba3 Bc8 22. c4 f6 23. Nd3 Kf7 24. Nc5 Re8 25. Rc1 Qe5 26. Qh3 Qg5 27. b3 e5
28. Qc3 e4 29. cxd5 Qxd5 30. Qg3 Re5 31. Bb2 Qd2 32. Na4 Rb4 33. Qc3 e3 34.
fxe3 Qxe3+ 35. Qxe3 Rxe3 36. Kf2 Rbe4 37. Nc3 Re6 38. Rd1 Ba6 39. Rd2 Ke8 40.
a4 Re1 41. b4 Rf1+ 42. Kg3 Re3+ 43. Kh4 Rf4+ 44. g4 g5+ 45. Kh5 Rh3# 0-1

[Event "Ann Arbor (MI Op/6)"]
[Site "?"]
[Date "1983.??.??"]
[Round "?"]
[White "Pence, Mark"]
[Black "Zumbrunnen, R.."]
[Result "1-0"]
[WhiteElo "1995"]
[BlackElo "2120"]
[PlyCount "97"]
[EventDate "1983.??.??"]

1. d4 d5 2. c4 e6 3. Nc3 Nf6 4. Nf3 c5 5. e3 Nc6 6. Be2 Be7 7. O-O O-O 8. a3
Ne4 9. Qc2 Nxc3 10. Qxc3 Bf6 11. Rd1 b6 12. b4 cxd4 13. exd4 dxc4 14. Qxc4 Bb7
15. Bb2 Rc8 16. Qb3 Qd6 17. Rd2 Ne7 18. Rad1 Nf5 19. h3 Qf4 20. Ne1 Rfd8 21.
Bf3 Bd5 22. Bxd5 Rxd5 23. Nf3 Rcd8 24. Qa4 R8d7 25. Qc6 g6 26. Bc1 Qb8 27. Bb2
h5 28. Qc4 g5 29. Qe2 Qf4 30. g3 Qd6 31. Bc3 Qc7 32. Bb2 Qd8 33. Bc3 h4 34.
gxh4 gxh4 35. Qe4 Qf8 36. Kh1 Qh6 37. Rg1+ Kh8 38. Rdd1 Rd8 39. Rg4 Rc8 40. Bd2
Qh5 41. Bg5 Bxg5 42. Nxg5 Rcd8 43. Nf3 Ng3+ 44. fxg3 f5 45. Qxd5 Rxd5 46. Rxh4
f4 47. g4 Qxh4 48. Nxh4 Kg7 49. Nf3 1-0

[Event "Ann Arbor (MI Op/5)"]
[Site "?"]
[Date "1983.??.??"]
[Round "?"]
[White "Pence, Mark"]
[Black "Pinto, M.."]
[Result "1-0"]
[WhiteElo "1995"]
[BlackElo "2155"]
[PlyCount "141"]
[EventDate "1983.??.??"]

1. d4 Nf6 2. Nf3 g6 3. c4 Bg7 4. Nc3 O-O 5. e4 d6 6. h3 e5 7. d5 Nbd7 8. Be3
Ne8 9. g4 a5 10. Bd3 Nc5 11. Bxc5 dxc5 12. Rg1 Nd6 13. Qe2 a4 14. h4 Bd7 15. g5
f5 16. gxf6 Qxf6 17. Rg3 h6 18. O-O-O Qf4+ 19. Nd2 Rf7 20. Rdg1 Rf6 21. h5 g5
22. Nd1 Rff8 23. Kc2 Qf7 24. Qe3 b6 25. Nf3 Bf6 26. Be2 Qe7 27. Nc3 Rf7 28.
R1g2 Raf8 29. Nh2 Bg7 30. Nd1 Rf4 31. Nc3 Qf7 32. Nf3 Bf6 33. Nh2 Be7 34. Nf3
Qf6 35. b3 axb3+ 36. axb3 Ne8 37. Nd1 Nd6 38. Nd2 Ra8 39. Nc3 Rf8 40. Nd1 Ra8
41. Nc3 Qf8 42. Nf3 Bf6 43. Ne1 Qe7 44. Nd3 Kh8 45. Bg4 Bxg4 46. Rxg4 Rxg4 47.
Rxg4 Rf8 48. Rg1 Bg7 49. Ra1 Qe8 50. Qh3 Rf6 51. Kd2 Kg8 52. Ke3 Kf8 53. Ra7
Qb8 54. Ra2 Qe8 55. Nb1 Rf4 56. Nxf4 exf4+ 57. Kd2 Nxe4+ 58. Kc2 Nxf2 59. Qf5+
Qf7 60. Qc8+ Qe8 61. Ra8 Qxc8 62. Rxc8+ Kf7 63. Rxc7+ Kf6 64. d6 Bf8 65. Rh7
Bxd6 66. Rxh6+ Ke5 67. Rxd6 Kxd6 68. h6 Ng4 69. h7 f3 70. h8=Q f2 71. Nd2 1-0

[Event "Ann Arbor (MI Op/3)"]
[Site "?"]
[Date "1983.??.??"]
[Round "?"]
[White "Pence, Mark"]
[Black "Ballard, D.."]
[Result "1/2-1/2"]
[WhiteElo "1995"]
[BlackElo "1875"]
[PlyCount "84"]
[EventDate "1983.??.??"]

1. d4 d5 2. c4 c6 3. Nc3 Nf6 4. Nf3 Bg4 5. Ne5 e6 6. Nxg4 Nxg4 7. e4 h5 8. h3
Nh6 9. Qb3 Qd7 10. cxd5 exd5 11. exd5 cxd5 12. Bb5 Nc6 13. Qxd5 Qxd5 14. Nxd5
O-O-O 15. Bxc6 bxc6 16. Nc3 Rxd4 17. Be3 Rd7 18. O-O Nf5 19. Rfe1 Bb4 20. Bf4
Rhd8 21. Rac1 Kb7 22. a3 Rd4 23. Be5 Bxc3 24. Rxc3 R4d5 25. Rb3+ Rb5 26. Rf3 g6
27. Bc3 Rd7 28. Rf4 c5 29. Re5 Kc6 30. Re8 Nd4 31. Rf6+ Kd5 32. Kf1 Rb6 33.
Rxb6 axb6 34. Rb8 Rd6 35. Rb7 f5 36. f3 Kc4 37. a4 Re6 38. Rb8 Kd3 39. Kf2 f4
40. Rf8 Nf5 41. Rd8+ Nd4 42. Rf8 Nf5 1/2-1/2

[Event "Ann Arbor (MI Op/7)"]
[Site "?"]
[Date "1983.??.??"]
[Round "?"]
[White "Pegeron, J.."]
[Black "Pinto, M.."]
[Result "0-1"]
[WhiteElo "1935"]
[BlackElo "2155"]
[PlyCount "74"]
[EventDate "1983.??.??"]

1. e4 c6 2. d4 d5 3. e5 Bf5 4. Nc3 e6 5. g4 Bg6 6. Nge2 c5 7. dxc5 Bxc5 8. Nd4
Qd7 9. Be3 Nc6 10. Nxc6 Bxe3 11. Nd4 Bxd4 12. Qxd4 Ne7 13. O-O-O Nc6 14. Qf4
O-O 15. g5 Qc7 16. Re1 a6 17. Qg3 d4 18. Ne4 Nb4 19. Qb3 Rac8 20. Bd3 Nxd3+ 21.
Qxd3 Qxe5 22. f3 Qxg5+ 23. Kb1 Qd5 24. Re2 Rfd8 25. h4 Qc4 26. Rd2 Qxd3 27.
Rxd3 Rd5 28. Rd2 Kf8 29. Rhd1 Rcd8 30. Nf2 Ke7 31. Kc1 e5 32. c3 Ke6 33. c4 Rc5
34. b3 b5 35. Rb2 bxc4 36. bxc4 Rxc4+ 37. Kd2 Rc3 0-1

[Event "Ann Arbor (MI Op/5)"]
[Site "?"]
[Date "1983.??.??"]
[Round "?"]
[White "Pegeron, J.."]
[Black "Hahn, David"]
[Result "1-0"]
[WhiteElo "1935"]
[BlackElo "2135"]
[PlyCount "123"]
[EventDate "1983.??.??"]

1. e4 c6 2. d4 d5 3. e5 Bf5 4. Nc3 h5 5. Nge2 h4 6. Nf4 e6 7. Be3 Nh6 8. h3 Qb6
9. Na4 Qc7 10. b3 c5 11. Bb5+ Nc6 12. Bxc6+ bxc6 13. c3 Be4 14. O-O Be7 15. Nd3
c4 16. Ndc5 cxb3 17. Nxe4 dxe4 18. axb3 Rb8 19. b4 Nf5 20. Qg4 O-O 21. Bg5 Bxg5
22. Qxg5 a5 23. bxa5 Qxa5 24. Rfc1 Ra8 25. Nc5 Qxa1 26. Rxa1 Rxa1+ 27. Kh2 e3
28. Ne4 Rb8 29. fxe3 Rbb1 30. Nf2 Rf1 31. e4 Rxf2 32. exf5 Rxf5 33. Qd8+ Kh7
34. Qxh4+ Kg8 35. Qd8+ Kh7 36. Qb6 Rc1 37. Qxc6 Rf2 38. c4 Rcc2 39. Qe4+ Kg8
40. d5 Rfe2 41. Qf3 exd5 42. cxd5 Rxe5 43. Qb3 Rc8 44. d6 Ra5 45. d7 Rd8 46.
Qb6 Raa8 47. Qc7 Kf8 48. Qd6+ Kg8 49. Qe7 Rdb8 50. h4 Rf8 51. Kh3 Rfb8 52. g3
Rf8 53. h5 f6 54. Kg4 Ra4+ 55. Kf5 Ra5+ 56. Kf4 Raa8 57. g4 Rfd8 58. h6 gxh6
59. Kf5 Ra5+ 60. Kg6 Rg5+ 61. Kxh6 Rxd7 62. Qe8# 1-0

[Event "Ann Arbor (MI Op/1)"]
[Site "?"]
[Date "1983.??.??"]
[Round "?"]
[White "Pegeron, J.."]
[Black "Finegold, Ben"]
[Result "0-1"]
[WhiteElo "1935"]
[BlackElo "2145"]
[PlyCount "40"]
[EventDate "1983.??.??"]

1. e4 d5 2. exd5 Qxd5 3. Nc3 Qa5 4. d4 Nf6 5. Bc4 c6 6. h3 Bf5 7. Nge2 e6 8.
O-O Bd6 9. Bf4 Bxf4 10. Nxf4 Nbd7 11. Bd3 O-O-O 12. a3 Bxd3 13. Qxd3 Ne5 14.
Qe2 Rxd4 15. Qe3 Rhd8 16. b4 Qc7 17. Qc1 Nf3+ 18. gxf3 Qxf4 19. Qe1 Qxf3 20.
Kh2 Rh4 0-1

[Event "Ann Arbor (MI Op/3)"]
[Site "?"]
[Date "1983.??.??"]
[Round "?"]
[White "Pegeron, J.."]
[Black "Brooks, John"]
[Result "1-0"]
[WhiteElo "1935"]
[BlackElo "2135"]
[PlyCount "93"]
[EventDate "1983.??.??"]

1. e4 Nf6 2. Nc3 d5 3. exd5 Nxd5 4. Nxd5 Qxd5 5. Nf3 Bg4 6. Be2 Nc6 7. h3 Bh5
8. d4 O-O-O 9. c4 Qe4 10. Be3 Nb4 11. O-O Qc2 12. Rc1 Qxd1 13. Rfxd1 e6 14. a3
Nc6 15. g4 Bg6 16. d5 Ne7 17. dxe6 Rxd1+ 18. Rxd1 fxe6 19. Ng5 e5 20. Ne6 Nc6
21. b4 Bf7 22. Nxf8 Rxf8 23. Kg2 e4 24. Bd4 Nxd4 25. Rxd4 Re8 26. g5 Be6 27.
Kg3 Bf5 28. Kf4 Rf8 29. Kg3 h6 30. gxh6 gxh6 31. Bg4 a5 32. Rxe4 Rg8 33. Re5
Bxg4 34. hxg4 axb4 35. axb4 Kd7 36. f4 Rg6 37. c5 b6 38. f5 Rg8 39. cxb6 h5 40.
g5 Rxg5+ 41. Kh4 Rg4+ 42. Kxh5 Rxb4 43. bxc7 Rc4 44. f6 Rf4 45. Re7+ Kc8 46.
Kg5 Rf1 47. f7 1-0

[Event "East Detroit (MCO/1)"]
[Site "?"]
[Date "1983.??.??"]
[Round "?"]
[White "Patterson, G.."]
[Black "Prusaitis, William"]
[Result "0-1"]
[WhiteElo "1605"]
[BlackElo "1820"]
[PlyCount "92"]
[EventDate "1983.??.??"]

1. d4 Nf6 2. c4 e6 3. Nf3 Bb4+ 4. Nc3 Ne4 5. Bd2 Nxd2 6. Qxd2 c5 7. e3 Qa5 8.
Bd3 Nc6 9. O-O b6 10. Qc2 Bxc3 11. bxc3 cxd4 12. Nxd4 Ba6 13. Rfb1 Nxd4 14.
cxd4 Qg5 15. Be4 Rc8 16. Qa4 Bxc4 17. Qxa7 d5 18. Qa4+ b5 19. Rxb5 Bxb5 20.
Qxb5+ Kf8 21. Qb4+ Qe7 22. Qxe7+ Kxe7 23. Bf3 Rc2 24. a4 Ra8 25. h3 Rac8 26.
Re1 Ra2 27. a5 Rxa5 28. Kh2 Ra2 29. Kg3 Rcc2 30. Rf1 f5 31. h4 h6 32. Bh5 Kf6
33. Bd1 Rc1 34. Bb3 Rxf1 35. Bxa2 Ra1 36. Bb3 Ra3 37. Bd1 g5 38. hxg5+ hxg5 39.
Kh2 Rd3 40. Ba4 f4 41. Bb5 Rb3 42. Ba4 Ra3 43. Bc6 fxe3 44. fxe3 Rxe3 45. Kg1
Kf5 46. Kf2 Kf4 0-1

[Event "East Detroit (MCO/3)"]
[Site "?"]
[Date "1983.??.??"]
[Round "?"]
[White "Patterson, G.."]
[Black "Martens, D.."]
[Result "0-1"]
[WhiteElo "1605"]
[BlackElo "1765"]
[PlyCount "92"]
[EventDate "1983.??.??"]

1. d4 Nf6 2. c4 e5 3. e3 exd4 4. exd4 Bb4+ 5. Bd2 Qe7+ 6. Be2 Nc6 7. Nf3 d5 8.
O-O O-O 9. Nc3 dxc4 10. Bxc4 Bg4 11. Re1 Qd7 12. Ne4 Nxe4 13. Bxb4 Rfe8 14. Bc3
Rad8 15. d5 Nxc3 16. Rxe8+ Rxe8 17. bxc3 Ne5 18. Be2 Qf5 19. Nxe5 Bxe2 20. Qxe2
Qxe5 21. Qxe5 Rxe5 22. c4 Re7 23. c5 Rd7 24. d6 cxd6 25. cxd6 Rxd6 26. Rc1 Rc6
27. Rxc6 bxc6 28. Kf1 Kf8 29. Ke2 Ke7 30. Kd3 Kd6 31. Kc4 c5 32. a4 a6 33. f3
f5 34. g3 g6 35. h4 Kc6 36. g4 fxg4 37. fxg4 h6 38. h5 g5 39. Kd3 Kd5 40. a5
c4+ 41. Kc3 Kc5 42. Kc2 Kd4 43. Kd2 c3+ 44. Kc2 Kc4 45. Kd1 Kd3 46. Kc1 c2 0-1

[Event "East Detroit (MCO/5)"]
[Site "?"]
[Date "1983.??.??"]
[Round "?"]
[White "Patterson, G.."]
[Black "Burwell, Raymond"]
[Result "1-0"]
[WhiteElo "1605"]
[BlackElo "1605"]
[PlyCount "69"]
[EventDate "1983.??.??"]

1. d4 d5 2. e3 Nf6 3. c4 c6 4. Nc3 Nbd7 5. Nf3 Qc7 6. Qb3 e6 7. Bd2 Bd6 8. Bd3
O-O 9. cxd5 exd5 10. Rc1 Nb6 11. Nb5 Qb8 12. Nxd6 Qxd6 13. Bb4 Qd8 14. Bxf8
Qxf8 15. Ne5 Nbd7 16. O-O Qd6 17. Nxd7 Nxd7 18. Bf5 Nb6 19. Bxc8 Rxc8 20. Rc5
Re8 21. a4 Qd7 22. a5 Nc4 23. Rxc4 dxc4 24. Qxc4 Re6 25. Rc1 Rg6 26. d5 Qh3 27.
Qe4 Qd7 28. a6 b6 29. dxc6 Qc8 30. c7 Re6 31. Qa8 Re8 32. Qxa7 Qd7 33. Qb7 Rc8
34. a7 Rxc7 35. a8=Q+ 1-0

[Event "East Detroit (MCO/5)"]
[Site "?"]
[Date "1983.??.??"]
[Round "?"]
[White "Palmer, Tony"]
[Black "Thompson, Dexter"]
[Result "0-1"]
[WhiteElo "1820"]
[BlackElo "2105"]
[PlyCount "60"]
[EventDate "1983.??.??"]

1. e4 e5 2. Nf3 Nc6 3. Bb5 a6 4. Ba4 Nf6 5. d3 b5 6. Bb3 d6 7. c3 Be7 8. Nbd2
O-O 9. Nf1 Na5 10. Bc2 c5 11. Ng3 Nc6 12. d4 cxd4 13. cxd4 Bg4 14. Nf5 exd4 15.
N5xd4 Nxd4 16. Qxd4 Rc8 17. Bd3 d5 18. e5 Bxf3 19. gxf3 Nd7 20. Bh6 gxh6 21.
Qg4+ Bg5 22. f4 Nc5 23. Bf5 Ne6 24. h4 Rc4 25. hxg5 Rxf4 26. Bxh7+ Kxh7 27.
Rxh6+ Kg7 28. Qh5 Rh8 29. Ke2 Rf5 30. Rh1 Nf4+ 0-1

[Event "East Detroit (MCO/4)"]
[Site "?"]
[Date "1983.??.??"]
[Round "?"]
[White "Palmer, Tony"]
[Black "Groeller, W.."]
[Result "1-0"]
[WhiteElo "1820"]
[BlackElo "2035"]
[PlyCount "41"]
[EventDate "1983.??.??"]

1. e4 c5 2. Nc3 Nc6 3. Nge2 g6 4. d4 cxd4 5. Nxd4 Bg7 6. Nde2 Nf6 7. g3 O-O 8.
Bg2 d6 9. O-O Be6 10. h3 Rc8 11. Be3 Qa5 12. Qd2 Rfd8 13. Rfd1 Ne5 14. Kh2 Bxh3
15. b4 Neg4+ 16. Kg1 Qxb4 17. Rab1 Qc4 18. Bxh3 Nxe4 19. Nxe4 Qxe4 20. Bxg4
Qxg4 21. Rxb7 1-0

[Event "East Detroit (MCO/1)"]
[Site "?"]
[Date "1983.??.??"]
[Round "?"]
[White "Palmer, Tony"]
[Black "Brattin, Brian"]
[Result "1-0"]
[WhiteElo "1820"]
[BlackElo "1605"]
[PlyCount "101"]
[EventDate "1983.??.??"]

1. e4 e5 2. Nf3 Nc6 3. Bb5 a6 4. Ba4 b5 5. Bb3 Na5 6. O-O Nxb3 7. axb3 d6 8. d4
f6 9. Nc3 Bb7 10. dxe5 dxe5 11. Be3 Bd6 12. Qe2 Qd7 13. Rfd1 Ne7 14. h3 g5 15.
Nd5 Bxd5 16. exd5 Ng6 17. c4 Kf7 18. c5 Bf8 19. b4 Nf4 20. Bxf4 gxf4 21. Qe4
Bg7 22. d6 c6 23. Nh4 Bh6 24. Qf5 Qxf5 25. Nxf5 Bf8 26. d7 Be7 27. Nxe7 Kxe7
28. Rd6 Rhd8 29. Rxc6 Rxd7 30. Rb6 Rda7 31. Rd1 a5 32. Rdd6 axb4 33. Rxb5 Ra1+
34. Kh2 R8a5 35. Rb7+ Ke8 36. Re6+ Kd8 37. Rxf6 Kc8 38. Rxh7 Rd1 39. Rc6+ Kd8
40. Rb6 Kc8 41. g4 Rd2 42. Re6 Rxf2+ 43. Kg1 Rd2 44. Re8+ Rd8 45. Rhh8 Rxe8 46.
Rxe8+ Kc7 47. Rxe5 Kc6 48. g5 Ra2 49. g6 Rxb2 50. g7 f3 51. Rg5 1-0